Top 10 des chaînes Youtube francophones. - Statistiques

Statistiques générales
  • Ce quiz a été pris 1 214 fois
    1 081 depuis la dernière actualisation
  • Le résultat moyen est 5 sur 10
Statistiques - réponses
Abonnés Chaînes % Correct
16,2 M SQUEEZIE
96%
14,2 M Cyprien
90%
12,1 M NORMAN FAIT DES VIDÉOS
79%
8,25 M Tibo InShape
75%
7,25 M Amixem
60%
6.84 M McFly & Carlito
46%
8,28 M Lama Faché
31%
7,27 M Rémi GAILLARD
17%
6,38 M Bigorneaux & Coquillages
5%
6,28 M SYMPA
2%
Aucun quiz correspondant
Distribution des résultats
% des personnes avec chaque résultat
Percentile par nombre de réponses
Votre historique - résultats
Vous n’avez pas pris ce quiz depuis la dernière actualisation